000 00291nam a22001337a 4500
008 170306b xxu||||| |||| 00| 0 eng d
020 _a9780534523725
041 _aeng
080 _25 ED
_a575
100 _a6
101 _aSHM
245 _aHUMAN HEREDITY
_cCUMMINGS.M.R
942 _2udc
_cBK
999 _c6809
_d6809